| 000 | 01286cam a2200349 i 4500 | ||
|---|---|---|---|
| 001 | 11557494 | ||
| 005 | 20170105102425.0 | ||
| 006 | m d | ||
| 007 | cr n | ||
| 008 | 150901s2015 cc |||||s|||||||1|||eng d | ||
| 020 | _a9781449362171 | ||
| 020 | _a9781449362188 (print) | ||
| 035 | _a(WaSeSS)ssib022480407 | ||
| 040 |
_aWaSeSS _beng _erda _cWaSeSS _dWaSeSS |
||
| 050 | 4 | _aQA76.774.A53 | |
| 082 | _a005.1 GRI | ||
| 100 | 1 |
_aGriffiths, Dawn, _eauthor. |
|
| 210 | 1 | 0 | _aHead first : |
| 245 | 1 | 0 |
_aHead first :Android development _cDawn Griffiths, David Griffiths. |
| 260 |
_aBeijing _bO'Reilly _c2015 |
||
| 500 | _aIncludes index. | ||
| 506 | _aLicense restrictions may limit access. | ||
| 630 | 0 | 0 | _aAndroid (Electronic resource) |
| 650 | 0 |
_aApplication software _xDevelopment. |
|
| 650 | 0 | _aMobile computing. | |
| 700 | 1 |
_aGriffiths, David, _d1969- _eauthor. |
|
| 773 | 0 | _tSafari Technical Books (Current File) | |
| 776 | 0 | 8 |
_iPrint version: _aGriffiths, Dawn. _tHead first : Android development. _dBeijing, China : O'Reilly, 2015 _z9781449362188 |
| 856 | 4 | 0 |
_uhttp://www.columbia.edu/cgi-bin/cul/resolve?clio11557494 _zFull text available from Safari Technical Books (Current File) |
| 910 | _aSerials Solutions original record | ||
| 942 |
_2ddc _cBK |
||
| 999 |
_c13608 _d13608 |
||